<?xml version="1.0" encoding="UTF-8"?><?xml-stylesheet type="text/xsl" href="static/style.xsl"?><OAI-PMH xmlns="http://www.openarchives.org/OAI/2.0/" xmlns:xsi="http://www.w3.org/2001/XMLSchema-instance" xsi:schemaLocation="http://www.openarchives.org/OAI/2.0/ http://www.openarchives.org/OAI/2.0/OAI-PMH.xsd"><responseDate>2026-04-17T21:41:02Z</responseDate><request verb="GetRecord" identifier="oai:www.recercat.cat:11351/12442" metadataPrefix="marc">https://recercat.cat/oai/request</request><GetRecord><record><header><identifier>oai:recercat.cat:11351/12442</identifier><datestamp>2025-10-24T10:22:24Z</datestamp><setSpec>com_2072_378070</setSpec><setSpec>com_2072_378040</setSpec><setSpec>col_2072_378092</setSpec></header><metadata><record xmlns="http://www.loc.gov/MARC21/slim" xmlns:dcterms="http://purl.org/dc/terms/" xmlns:xsi="http://www.w3.org/2001/XMLSchema-instance" xmlns:doc="http://www.lyncode.com/xoai" xsi:schemaLocation="http://www.loc.gov/MARC21/slim http://www.loc.gov/standards/marcxml/schema/MARC21slim.xsd">
   <leader>00925njm 22002777a 4500</leader>
   <datafield ind2=" " ind1=" " tag="042">
      <subfield code="a">dc</subfield>
   </datafield>
   <datafield ind2=" " ind1=" " tag="720">
      <subfield code="a">Forteza-Albertí, José Francisco</subfield>
      <subfield code="e">author</subfield>
   </datafield>
   <datafield ind2=" " ind1=" " tag="720">
      <subfield code="a">Rico, Yolanda</subfield>
      <subfield code="e">author</subfield>
   </datafield>
   <datafield ind2=" " ind1=" " tag="720">
      <subfield code="a">leiva, Alfonso</subfield>
      <subfield code="e">author</subfield>
   </datafield>
   <datafield ind2=" " ind1=" " tag="720">
      <subfield code="a">QUONIOU, Mona</subfield>
      <subfield code="e">author</subfield>
   </datafield>
   <datafield ind2=" " ind1=" " tag="720">
      <subfield code="a">Gual-Capllonch, Francisco</subfield>
      <subfield code="e">author</subfield>
   </datafield>
   <datafield ind2=" " ind1=" " tag="720">
      <subfield code="a">Rivas-Catoni, Lisandro</subfield>
      <subfield code="e">author</subfield>
   </datafield>
   <datafield ind2=" " ind1=" " tag="720">
      <subfield code="a">Gutierrez García-Moreno, Laura</subfield>
      <subfield code="e">author</subfield>
   </datafield>
   <datafield ind2=" " ind1=" " tag="260">
      <subfield code="c">2025-01-20T11:27:35Z</subfield>
   </datafield>
   <datafield ind2=" " ind1=" " tag="260">
      <subfield code="c">2025-01-20T11:27:35Z</subfield>
   </datafield>
   <datafield ind2=" " ind1=" " tag="260">
      <subfield code="c">2024-11-07</subfield>
   </datafield>
   <datafield ind2=" " ind1=" " tag="520">
      <subfield code="a">Left atrial strain; Left atrial reservoir strain; Speckle tracking echocardiography</subfield>
   </datafield>
   <datafield ind2=" " ind1=" " tag="520">
      <subfield code="a">Tensió auricular esquerra; Tensió del reservori auricular esquerre; Ecocardiografia de seguiment de taques</subfield>
   </datafield>
   <datafield ind2=" " ind1=" " tag="520">
      <subfield code="a">Tensión auricular izquierda; Tensión del reservorio auricular izquierdo; Ecocardiografía de seguimiento de manchas</subfield>
   </datafield>
   <datafield ind2=" " ind1=" " tag="520">
      <subfield code="a">Background&#xd;
Despite its proven prognostic value in different contexts, the precise implications of left atrial strain (LAS) assessment throughout different phases of the atrial cycle remain uncertain. A direct correlation between left atrial reservoir strain (LARS) and left ventricular global longitudinal strain (GLS) has been consistently demonstrated in several studies involving patients with various heart diseases. The objective of our study is to identify factors directly associated with LARS, left atrial conduction strain (LACS) and left atrial booster strain (LABS) in patients without cardiovascular (CV) disease.&#xd;
Methods&#xd;
Transthoracic echocardiographic examinations in patients without CV disease were prospectively selected in two tertiary hospitals echocardiography labs for clinical purposes. LAS, maximal and minimal left atrial (LA) volumes and left atrial ejection fraction (LAEF) were measured using the two-dimensional strain analysis package provided by the EchoPAC Plugging workstation (AFI LA).&#xd;
Results&#xd;
A total of 196 cases were included, median age of 54 (45–62) with 85 (43%) being men. The mean left ventricular ejection fraction (LVEF) was 61% ± 5, and the median GLS was − 18% (-17 to -20). Median indexed maximum volume of left atrium (LAVI) was 27 ml/m2 (22–31), and LAEF was 64% (58–70). The mean LARS biplane was 35,1% ± 8. Notably, LARS was greater in the 2-chamber view (36,1% ± 10) compared to the 4-chamber view (34,1% ± 8 p &lt; 0,05). The multivariate analysis of LARS revealed that sex, GLS, LAEF and e’mean are independently correlated with LARS. Multivariate analysis of LACS showed independent correlations between LACS and age, GLS, LAEF, E/A ratio and e’mean. Conversely, the multivariate analysis of LABS demonstrated significant correlations among A wave, e’mean, and left atrial stiffness index (LASI).&#xd;
Conclusions&#xd;
In patients without CV disease, GLS emerges as a crucial determinant of LARS and LACS. LAEF and e’mean are directly and independently related to both LARS and LACS. LARS (univariate) and LACS (multivariate) exhibited a decline with older age in individuals without CV disease.</subfield>
   </datafield>
   <datafield ind1="8" ind2=" " tag="024">
      <subfield code="a">http://hdl.handle.net/11351/12442</subfield>
   </datafield>
   <datafield tag="653" ind2=" " ind1=" ">
      <subfield code="a">Ecocardiografia</subfield>
   </datafield>
   <datafield tag="653" ind2=" " ind1=" ">
      <subfield code="a">Sistema cardiovascular - Malalties</subfield>
   </datafield>
   <datafield tag="653" ind2=" " ind1=" ">
      <subfield code="a">Cor - Ventricle esquerre - Fisiologia</subfield>
   </datafield>
   <datafield tag="653" ind2=" " ind1=" ">
      <subfield code="a">PHENOMENA AND PROCESSES::Circulatory and Respiratory Physiological Phenomena::Cardiovascular Physiological Phenomena::Atrial Function::Atrial Function, Left</subfield>
   </datafield>
   <datafield tag="653" ind2=" " ind1=" ">
      <subfield code="a">PHENOMENA AND PROCESSES::Circulatory and Respiratory Physiological Phenomena::Cardiovascular Physiological Phenomena::Ventricular Function::Ventricular Function, Left</subfield>
   </datafield>
   <datafield tag="653" ind2=" " ind1=" ">
      <subfield code="a">ANALYTICAL, DIAGNOSTIC AND THERAPEUTIC TECHNIQUES, AND EQUIPMENT::Diagnosis::Diagnostic Techniques and Procedures::Diagnostic Imaging::Cardiac Imaging Techniques::Echocardiography</subfield>
   </datafield>
   <datafield tag="653" ind2=" " ind1=" ">
      <subfield code="a">DISEASES::Cardiovascular Diseases</subfield>
   </datafield>
   <datafield tag="653" ind2=" " ind1=" ">
      <subfield code="a">FENÓMENOS Y PROCESOS::fenómenos fisiológicos respiratorios y circulatorios::fenómenos fisiológicos cardiovasculares::función atrial::función del atrio izquierdo</subfield>
   </datafield>
   <datafield tag="653" ind2=" " ind1=" ">
      <subfield code="a">FENÓMENOS Y PROCESOS::fenómenos fisiológicos respiratorios y circulatorios::fenómenos fisiológicos cardiovasculares::función ventricular::función ventricular izquierda</subfield>
   </datafield>
   <datafield tag="653" ind2=" " ind1=" ">
      <subfield code="a">TÉCNICAS Y EQUIPOS ANALÍTICOS, DIAGNÓSTICOS Y TERAPÉUTICOS::diagnóstico::técnicas y procedimientos diagnósticos::diagnóstico por imagen::técnicas de imagen cardíaca::ecocardiografía</subfield>
   </datafield>
   <datafield tag="653" ind2=" " ind1=" ">
      <subfield code="a">ENFERMEDADES::enfermedades cardiovasculares</subfield>
   </datafield>
   <datafield ind2="0" ind1="0" tag="245">
      <subfield code="a">Left atrial strain in patients without cardiovascular disease: uncovering influencing and related factors</subfield>
   </datafield>
</record></metadata></record></GetRecord></OAI-PMH>